000 01048nam a22001697a 4500
008 200608b xxu||||| |||| 00| 0 eng d
020 _a0131960792
050 _aR864.G37
100 _aGartee, Richard
245 _aElectronic health records: understanding and using computerized medical records. /
_cRichard Gartee
260 _aUpper Saddle River, NJ:
_bPearson,
_c2007.
300 _axxxii, 506 p. :
_b ill.(col.) ; .
500 _aContents: Electronic health records-an overview -- Coding standards -- Learning medical record software -- Data entry at the point of care -- Electronic coding from medical records -- Advanced techniques speed data entry -- Using the EHR to improve patient care -- Privacy and security of health records -- EHR and technology -- Comprehensive evaluation of chapters 6-9 -- Appendix A: CMS documentation guideline tables -- Appendix B: Information about the student edition history program
650 _aMedical Record Systems, Computerized
650 _aForms and records control
_vmethods.
942 _2lcc
_cBK
999 _c7379
_d14879